Identification of androgen metabolic pathways in the brain of little brown bats (<Myotis lucifugus>): sex and seasonal differences (Registro nro. 10987)

Detalles MARC
000 -CABECERA
Campo de control 006220000a22001810004500
090 ## - CLASIFICACIÓN LOCAL
Colección AR
Consecutivo 01910
041 0# - IDIOMA
Código de idioma para texto/pista de sonido o título separado
100 1# - ASIENTO PRINCIPAL--NOMBRE PERSONAL
Nombre personal Vincz Callard, Gloria
245 10 - MENCION DE TITULO
Título Identification of androgen metabolic pathways in the brain of little brown bats (<Myotis lucifugus>): sex and seasonal differences
650 14 - ASIENTO SECUNDARIO DE MATERIA - TERMINO TEMATICO
Término temático o nombre geográfico como elemento de entrada Reproducción animal
650 14 - ASIENTO SECUNDARIO DE MATERIA - TERMINO TEMATICO
Término temático o nombre geográfico como elemento de entrada Etología
650 14 - ASIENTO SECUNDARIO DE MATERIA - TERMINO TEMATICO
Término temático o nombre geográfico como elemento de entrada Fisiología animal
653 ## - TERMINO DE INDIZACION - NO CONTROLADO
-- Myotis
-- Myotis lucifugus
700 1# - ASIENTO SECUNDARIO - NOMBRE PERSONAL
Nombre personal Kunz, Thomas H.
700 1# - ASIENTO SECUNDARIO - NOMBRE PERSONAL
Nombre personal Petro, Zoltan
773 1# - Item fuente:
Título Ecology of Reproduction
Especificación de materiales 640
Paginas del Articulo 1155-1161
Lugar, editorial y fecha de publicación 1983
Información sobre la relación 28
942 ## - ELEMENTOS ADICIONALES (KOHA)
Tipo de ítem Artículo
Existencias
Withdrawn status Lost status Damaged status No para préstamo Colección Ubicación Permanente Ubicación actual Fecha de adquisición Datos de publicación Seriada Total Checkouts Número topográfico Inventario / Código de Barras Date last seen Ejemplar Price effective from Forma de adquisición Tipo de material
      No para Préstamo Hemeroteca Bogotá Bogotá 27/02/2015 Fuera de circulación   AR 01910 012280 25/03/2015 1 25/03/2015   Artículo